000 00539nam a2200193Ia 4500
003 GCL
008 140319s9999 xx 000 0 eng d
040 _aGCL /
_cGCL
082 0 4 _a720.288
_bA P
100 1 _aARAB URBAN DEVELOPMENT INSTUTE
245 1 0 _aPRESERVATION OF ISLAMIC ARCHITECTURAL HERITAGE /
_cARAB URBAN DEVELOPMENT INSTUTE
260 _a[S.N] :
_bARBAN DEVELOPMENT ،
_c1988
300 _a393 P
650 0 4 _aARCHITECTURE
650 0 4 _aARCHITECTS
650 0 4 _aPRESERVATION
650 0 4 _aCONFERENCES
942 _2ddc
_cBK
999 _c23427
_d23427